000 00547nam a2200169Ia 4500
005 20250923150028.0
008 008 250917s9999 xx 000 0 eng d
037 _aReports
040 _aDSWL
_beng
_cDSWL
041 _aeng
_2eng
084 _aX:95851.2'N94S, N97
_qDSWL
245 0 _aEmployment and unemployment situation among social groups in India 93-94 report 425
_c by N.S.S.O. India.
260 _aNew Delhi
_bN.S.S.O.
_c1997
300 _a93314 p.
942 _cREP
_hX:95851.2'N94S, N97
999 _c1458699
_d1458699